| 000 | 00638cam a22002172a 4500 | ||
|---|---|---|---|
| 001 | 018540 | ||
| 003 | AR-FADEU | ||
| 008 | 311216n2001####xxu####################dd | ||
| 020 | _a85-249-0819-X | ||
| 092 |
_a306.3 _bA627 |
||
| 100 | _aAntunes, Ricardo | ||
| 245 | _aAdiós al trabajo? : ensayo sobre las metamorfosis y el rol central del mundo del trabajo | ||
| 260 | _aSao Paulo | ||
| 260 | _bCortez | ||
| 260 | _c2001 | ||
| 300 | _a176 p | ||
| 440 | _aBiblioteca latinoamericana de servicio social, ensayo | ||
| 500 | _aIncluye bibliografía | ||
| 650 | _aSINDICALISMO-CRISIS; TRABAJO; FORDISMO; TOYOTISMO | ||
| 942 | _cBDGR | ||
| 999 |
_c24273 _d24273 |
||